000 00304nam a22001337a 4500
008 170929b xxu||||| |||| 00| 0 eng d
020 _a 9781881273653
041 _aeng
080 _a37
100 _a47
101 _aEDU
245 _aTHE FIVE LOVE LANGUAGES OF CHILDREN
_cCHAPMAN,G
942 _2udc
_cBK
999 _c30594
_d30594